000 00705nam a2200253Ia 4500
003 OSt
005 20220926035628.0
006 a|||||r|||| 00| 0
007 ta
008 220923b |||||||| |||| 00| 0 eng d
037 _cGeneral Book
040 _aRTL
_cRTL
_beng
041 _2eng
_aeng
082 _aX:533.N57, K0
100 _aBall George w
_996489
110 _aNational Industrial Conference Board
245 0 _aEconomic unity in Europe
_b Programs and problems
260 _c1960
650 _a Free Trade
650 _aEconomics
700 _aNational Industrial Conference Board
942 _hX:533.N57, K0
_cGB
_2CC
999 _c662712
_d662712